• 首页
  • 本馆介绍
  • 公告通知
  • 最新文献
  • 馆藏检索
  • 电子资源
  • 读者导购
  • 参考咨询
  • 我的图书馆
  • 登录
  • 详细信息显示
  • 放入我的书架
  • 预约/预借图书
  • 作者相关作品
  • 分类相关作品
  • 丛书相关作品
  • 出版社相关作品

书目信息

  • 表格格式
  • 工作单格式
  • 卡片格式
题名:
鲜榨蔬果饮
    
 
作者: 彭依莎 编著
分册:  
出版信息: 北京   中国轻工业出版社  2019.06
页数: 160页
开本: 24cm
丛书名: “手作特饮”系列
单 册:
中图分类: TS275.54
科图分类:
主题词: 蔬菜--shu cai--饮料--制作 , 果汁饮料--guo zhi yin liao--制作
电子资源:
ISBN: 978-7-5184-2423-8
000 00948nam 2200277 450
001 CAL 0120192789558
005 20230217093113.0
010    @a978-7-5184-2423-8@dCNY45.00
100    @a20190705d2019 em y0chiy0120 ea
101 0  @achi
102    @aCN@b110000
105    @aa z 000yy
106    @ar
200 1  @a鲜榨蔬果饮@Axian zha shu guo yin@f彭依莎编著
210    @a北京@c中国轻工业出版社@d2019.06
215    @a160页@c图@d24cm
225 2  @a“手作特饮”系列@A“ shou zuo te yin ”xi lie
314    @a彭依莎, 国际西点师深圳市名厨专业委员会总会成员
330    @a本书立足常见蔬果, 提供了一份适合全家人需要的健康蔬果饮提案, 包括蔬果汁、蔬果昔、蔬果拿铁、蔬果茶一应俱全。
410  0 @12001 @a“手作特饮”系列
606 0  @a蔬菜@Ashu cai@x饮料@x制作
606 0  @a果汁饮料@Aguo zhi yin liao@x制作
690    @aTS275.54@v5
701  0 @a彭依莎@Apeng yi sha@4编著
801  0 @aCN@bBJXHZP@c20230228
905    @b1388183-6@dTS275.54@e398@f4
    
    鲜榨蔬果饮/彭依莎编著.-北京:中国轻工业出版社,2019.06
    160页:图;24cm.-(“手作特饮”系列)
    
    
    ISBN 978-7-5184-2423-8:CNY45.00
    本书立足常见蔬果, 提供了一份适合全家人需要的健康蔬果饮提案, 包括蔬果汁、蔬果昔、蔬果拿铁、蔬果茶一应俱全。
●
相关链接 在E读中查询图书 在五车中查询图书 在当当中查询图书 在豆瓣中查询图书


正题名:鲜榨蔬果饮     索取号:TS275.54/398         预约/预借

序号 登录号 条形码 馆藏地/架位号 状态 备注
1 1388183   213881833   第二样本阅览室/ [索取号:TS275.54/398] 在馆    
2 1388184   213881842   第三借阅区/ [索取号:TS275.54/398] 在馆    
3 1388185   213881851   第三借阅区/ [索取号:TS275.54/398] 在馆    
4 1388186   213881860   第三借阅区/ [索取号:TS275.54/398] 在馆    
唐山师范学院图书馆 欢迎您!
大连网信软件有限公司© 版权所有